Science A-Z #2 - Statistics

General Stats
  • This quiz has been taken 936 times
  • The average score is 16 of 26
Answer Stats
Hint Answer % Correct
A Branch of physics that studies celestial objects and phenomena Astronomy
95%
B A region of spacetime where gravity is so strong nothing can escape it Black Hole
91%
C Green pigment in plants responsible for the absorption of light Chlorophyll
91%
N English mathematician credited for the discovery of gravity Newton
91%
L Element with the chemical symbol Pb Lead
88%
D The mass of a substance per unit volume Density
84%
G An organism's complete set of DNA (or RNA) Genome
81%
X Type of electromagnetic radiation X-ray
80%
M Medical imagining technique that uses magnetic fields to image inside the body MRI
77%
P Substance or treatment designed to have no therapeutic value e.g. sugar pills Placebo
71%
Y Nutrient bearing portion of an egg Yolk
70%
U The tube that carries urine from the bladder to the exterior of the body Urethra
69%
R Emission or transmission of energy in the form of waves or particles Radiation
68%
V Space devoid of matter Vacuum
63%
H Name of the world's largest partical accelerator (Large H_____ Collider) or a type of subatomc particle Hadron
59%
Q Elementary particles that combine to form the answer for H Quark
58%
K German astronomer known for his laws of planetary motion Kepler
55%
E A process or reaction that releases energy from the system to its surroundings Exothermic
52%
T Biological classification or rank e.g. species, genus, family, order... Taxonomic
47%
O Compounds that generally include Carbon-Hydrogen bonds Organic
45%
F Term that indicates a compound contains the Iron +2 oxidation state Ferrous
43%
I Compounds with the same chemical formula but different chemical structures Isomer
33%
W One of the fundamental forces of nature Weak
27%
Z Small animal organisms that suspend and drift in water Zooplankton
24%
S Principle of constructive and destructive interference of waves Superposition
15%
J Junction that consists of two or more superconductors named after a British physicist Josephson
5%
No matching quizzes found
Score Distribution
Percent of People with Each Score
Percentile by Number Answered
Your Score History
You have not taken this quiz